[Event "FRA-chTB U20 1011"]
[Site "France"]
[Date "2010.12.18"]
[Round "4.5"]
[White "Barbotte, Leo"]
[Black "Guerry, Emilien"]
[Result "0-1"]
[WhiteElo "1510"]
[BlackElo "1640"]
[PlyCount "56"]
[EventDate "2010.11.20"]
[EventType "team-tourn"]
[EventRounds "7"]
[EventCountry "FRA"]
[SourceTitle "EXT 2012"]
[Source "ChessBase"]
[SourceDate "2011.11.24"]
[SourceVersion "1"]
[SourceVersionDate "2011.11.24"]
[SourceQuality "1"]
[WhiteTeam "Niort"]
[BlackTeam "Mulhouse"]
[WhiteTeamCountry "FRA"]
[BlackTeamCountry "FRA"]

1. e4 c5 2. Nc3 e6 3. g3 Nc6 4. Bg2 Nf6 5. Nge2 Be7 6. 0-0 0-0 7. d3 h6 8. h3 a6 9. Be3 b5 10. Qd2 Bb7 11. f4 d6 12. d4 cxd4 13. Nxd4 Rb8 14. Nxc6 Bxc6 15. e5 Bxg2 16. exf6 Bxf1 17. fxe7 Qxe7 18. Rxf1 Rfd8 19. f5 exf5 20. Rxf5 Qe6 21. Rf2 Qxh3 22. Ne4 f5 23. Rh2 Qg4 24. Rxh6 Qxe4 25. Bg5 gxh6 26. Bxh6 f4 27. gxf4 Qg6+ 28. Bg5 Re8 0-1

[Event "FRA-chTB U20 1011"]
[Site "France"]
[Date "2010.11.21"]
[Round "2.5"]
[White "Vigna, Leo"]
[Black "Barbotte, Leo"]
[Result "1-0"]
[WhiteElo "1685"]
[BlackElo "1510"]
[PlyCount "115"]
[EventDate "2010.11.20"]
[EventType "team-tourn"]
[EventRounds "7"]
[EventCountry "FRA"]
[SourceTitle "EXT 2012"]
[Source "ChessBase"]
[SourceDate "2011.11.24"]
[SourceVersion "1"]
[SourceVersionDate "2011.11.24"]
[SourceQuality "1"]
[WhiteTeam "Clichy"]
[BlackTeam "Niort"]
[WhiteTeamCountry "FRA"]
[BlackTeamCountry "FRA"]

1. e4 d6 2. d4 Nf6 3. Nc3 g6 4. Nf3 Bg7 5. Be3 0-0 6. Qd2 c6 7. Bh6 Qc7 8. Bxg7 Kxg7 9. Bd3 Rd8 10. h4 e5 11. dxe5 dxe5 12. Qg5 Nbd7 13. h5 h6 14. Qg3 Nc5 15. hxg6 Nxd3+ 16. cxd3 fxg6 17. Qxe5 Qxe5 18. Nxe5 Ng4 19. Nxg4 Bxg4 20. f3 Be6 21. 0-0-0 Rd7 22. Kc2 b5 23. a3 a5 24. a4 b4 25. Ne2 b3+ 26. Kc3 Rb8 27. Nd4 Bf7 28. Ne2 Rb4 29. g4 Rxa4 30. Ra1 Ra2 31. Rxa2 bxa2 32. Ra1 a4 33. Nc1 Rd6 34. Nxa2 Rf6 35. Nb4 c5 36. Nd5 Rxf3 37. Rxa4 Bxd5 38. exd5 Kf6 39. Rc4 Rg3 40. Re4 h5 41. d6 Rxg4 42. d7 Rxe4 43. d8Q+ Re7 44. Qd6+ Re6 45. Qxc5 Re5 46. Qd6+ Re6 47. Qf4+ Kg7 48. b4 Rc6+ 49. Kb3 Rf6 50. Qe5 Kf7 51. b5 Rf5 52. Qc7+ Kg8 53. b6 Rb5+ 54. Kc2 Rf5 55. b7 Rf7 56. b8Q+ Rf8 57. Qxf8+ Kxf8 58. d4 1-0

[Event "FRA-chTB U20 1011"]
[Site "France"]
[Date "2010.11.20"]
[Round "1.5"]
[White "Eugene, Floryan"]
[Black "Barbotte, Leo"]
[Result "1-0"]
[WhiteElo "1609"]
[BlackElo "1510"]
[PlyCount "99"]
[EventDate "2010.11.20"]
[EventType "team-tourn"]
[EventRounds "7"]
[EventCountry "FRA"]
[SourceTitle "EXT 2012"]
[Source "ChessBase"]
[SourceDate "2011.11.24"]
[SourceVersion "1"]
[SourceVersionDate "2011.11.24"]
[SourceQuality "1"]
[WhiteTeam "Sautron"]
[BlackTeam "Niort"]
[WhiteTeamCountry "FRA"]
[BlackTeamCountry "FRA"]

1. e4 d6 2. d4 Nf6 3. Nc3 g6 4. Nf3 Bg7 5. Bc4 0-0 6. Bg5 c6 7. 0-0 Qc7 8. Bb3 Rd8 9. Qe2 e6 10. e5 Nd5 11. Nxd5 cxd5 12. Bxd8 Qxd8 13. c3 b6 14. Rfe1 Nc6 15. Rad1 Qc7 16. exd6 Qxd6 17. Qe3 Bd7 18. Qg5 Re8 19. Qg3 e5 20. dxe5 Nxe5 21. Rxd5 Nxf3+ 22. gxf3 Rxe1+ 23. Kg2 Qxg3+ 24. fxg3 Re2+ 25. Kf1 Re7 26. Kf2 h6 27. Bc2 Kh7 28. Rd2 Bc6 29. Bb3 f5 30. Rd8 Bf6 31. Rd6 Bxc3 32. bxc3 Bb5 33. Re6 Rd7 34. c4 Ba6 35. Ke3 Rc7 36. Kd4 Rd7+ 37. Ke5 Kg7 38. Rd6 Re7+ 39. Re6 Rc7 40. Kd6 Rf7 41. f4 g5 42. Re7 Rxe7 43. Kxe7 Kg6 44. Kd7 gxf4 45. gxf4 Kh5 46. Ke6 Bc8+ 47. Ke5 Kg4 48. Bc2 Kh5 49. Bxf5 Ba6 50. Kd5 1-0